Improving the flood resistance of domestic property (Record no. 74495)
[ view plain ]
| 000 -LEADER | |
|---|---|
| fixed length control field | 01202cab a2200229 4500 |
| 001 - CONTROL NUMBER | |
| control field | ABS68087 |
| 008 - FIXED-LENGTH DATA ELEMENTS--GENERAL INFORMATION | |
| fixed length control field | 040809n2004 000 0 eng u |
| 035 ## - SYSTEM CONTROL NUMBER | |
| System control number | (Sirsi) u127033 |
| 100 ## - MAIN ENTRY--PERSONAL NAME | |
| Personal name | Broadbent, C. |
| 245 ## - TITLE STATEMENT | |
| Title | Improving the flood resistance of domestic property |
| 260 ## - PUBLICATION, DISTRIBUTION, ETC. | |
| Date of publication, distribution, etc. | 2004 |
| 490 ## - SERIES STATEMENT | |
| Series statement | Structural Survey |
| Volume/sequential designation | 22(2) 2004, 79-83(5) |
| 520 ## - SUMMARY, ETC. | |
| Summary, etc. | Flooding is becoming more common in the UK because of climate change, increased development on floodplains and the ineffectiveness and availability of flood defences and drainage systems. Looks at approaches that householders can take to make their properties more resistant to flooding including flood protection products. Considers the benefits of changing repair specifications to adopt more floodresistant materials and techniques. Advises owners of flood affected properties to get specialist advice from appropriately experienced surveyors or engineers in consultation with their insurers. References. |
| 590 ## - LOCAL NOTE (RLIN) | |
| Local note | ABS |
| 650 ## - SUBJECT ADDED ENTRY--TOPICAL TERM | |
| Topical term or geographic name entry element | FLOODING |
| 650 ## - SUBJECT ADDED ENTRY--TOPICAL TERM | |
| Topical term or geographic name entry element | DRAINAGE SYSTEMS |
| 650 ## - SUBJECT ADDED ENTRY--TOPICAL TERM | |
| Topical term or geographic name entry element | FLOODPLAINS |
| 650 ## - SUBJECT ADDED ENTRY--TOPICAL TERM | |
| Topical term or geographic name entry element | FLOOD DEFENCES |
| 650 ## - SUBJECT ADDED ENTRY--TOPICAL TERM | |
| Topical term or geographic name entry element | FLOOD PREVENTION |
| 690 ## - LOCAL SUBJECT ADDED ENTRY--TOPICAL TERM (OCLC, RLIN) | |
| Topical term or geographic name as entry element | BUILT ENVIRONMENT-CONSTRUCTION DESIGN |
| 942 ## - ADDED ENTRY ELEMENTS (KOHA) | |
| Suppress in OPAC | 0 |
| Withdrawn status | Lost status | Source of classification or shelving scheme | Damaged status | Not for loan | Home library | Current library | Shelving location | Date acquired | Total Checkouts | Full call number | Barcode | Date last seen | Copy number | Price effective from | Koha item type |
|---|---|---|---|---|---|---|---|---|---|---|---|---|---|---|---|
| Dewey Decimal Classification | London | London | Journal article | 09/08/2004 | ABS68087 | 127033-1001 | 06/08/2019 | 1 | 06/08/2019 | Journal article |